1293 1996 1206 1902 1799 1827 1638 1951 1884 1902 1965 1632 1956 1471 1530 1099 1954 1170 1246 1126 1568 1612 1286 1308 1875 1183 1628 1916 1581 1802 1470 1934 1996 1582 1175 1285 1662 1949 1459 1118 1465 1173 1117 1677 1475 1810 1379 1368 1849 1616 1659 1767 1798 1269 1972 1592 1690 1530 1853 1506 1686 1272 1059 1439 1591 1932 1956 1571 1414 1011 1227 1824 1367 1724 1561 1547 1545 1311 1461 1512 1805 1302 1142 1514 1714 1943 1127 1859 1119 1713 1812 1927 1080 1962 1988 1593 1917 1552 1770 BCNSPRNW ULIB Ver.6.0+V

เปลี่ยนเป็นภาษาไทย

Change to English
 แสดงรายละเอียดบรรณานุกรม
  กลับหน้าหลัก

Brief Record : Get Marc (ISO 2709) : E-mail record : QR code < ปิดหน้าต่าง
LEADER : 00000nam 2200000uu 4500
001    13399111487
003     ULIB
008    110628s||||||||th 000 0 tha d
020    9789741688890
050  4 BQ4435^bศ721ศ 2551
100 0  ศุภวรรณ พิพัฒพรรณวงศ์ กรีน
245 10 ศาสนาและการเมือง/^cศุภวรรณ พิพัฒพรรณวงศ์ กรีน
250    พิมพ์ครั้งที่ 1
260    กรุงเทพฯ :^b ประสานมิตร,^c 2551
650  7 พุทธศาสนากับการเมือง
945    ^p165^l0^i025109
995    ทศพร
999 ^a ใช้งานได้ทุกระบบ
รายการนี้ยังไม่มีแท็ก
คุณยังไม่ได้ล็อกอิน คุณสามารถมีกิจกรรมร่วมกับเว็บไซต์ได้ แต่ต้องล็อกอินก่อน ::
  ล็อกอิน

รายการสื่อสารสนเทศ

ลำดับที่ ประเภท เลขเรียก/บาร์โค้ด สถานที่ สถานะ
- ไม่พบข้อมูล -

รายการใกล้เคียง
    ผู้แต่ง [ศุภวรรณ พิพัฒพรรณวงศ์ กรีน]

BibComment


ยังไม่เคยถูกคอมเมนท์

คอมเมนท์ทรัพยากรรายการนี้
  คอมเมนท์: ศาสนาและการเมือง ..


 Copyright 2026. Bcnsprnw @Library